LEADER 01052nam a2200253 i 4500 001 000000344878 003 CaOOAMICUS 005 20210323153313.0 008 210315s1960 fr a u001 u fre u 040 $aSeMil$bita 245 14$aLes paysans /$corné de quatorze illustrations de Schem et d'un portrait de Balzac. 300 $aXV, 431 p. :$bill. 500 $aEsemplare n. 1180 541 $aFondo mons. Pasquale Macchi (1V IV 328) 650 4$aBalzac, Honoré : de <1799-1850> - Opere.$0(OLS)http://semarc/subject/18934 700 1 $aBalzac, Honoré : de,$d<1799-1850>.$0(OLS)http://semarc/name/3887 700 1 $aSchem,$eillustratore.$0(OLS)http://semarc/name/113269 773 0 $aBalzac, Honoré : de <1799-1850>$tComédie humaine.$dGivors : André Martel, 1950.$w()344874 850 $aSeMil 852 $aSeMil$W1$xVenegono$y1$m1V IV 328$j225187$B235938$CSeMilBibl$Z2$F235938 $81 941 1 $a8 961 $aFondo mons. Pasquale Macchi 996 $6245$aLes paysans$9(OLS)http://semarc/title/433971 LEADER 01002nam a2200241 i 4500 001 000000016322 003 CaOOAMICUS 005 20200507100817.0 008 180830s1967 it u000 u ita u 040 $aSeMil$bita 100 1 $aFrançois : de Sales,$c.$0(OLS)http://semarc/name/1031 245 10$aTutte le lettere /$cSan Francesco di Sales ; edizione italiana a cura di Luigi Rolfo. 260 $aRoma :$bPaoline,$c1967. 300 $a3 v. (1015 p., [16] p. di tav. ) ;$c20 cm. 650 4$aFrancesco : di Sales - Lettere e carteggi.$0(OLS)http://semarc/subject/413 700 1 $aRolfo, Luigi.$0(OLS)http://semarc/name/7535 774 0 $t1: 1585-1610.$w()54454 774 0 $t1611-1618.$w()153007 774 0 $t1619-1622.$w()153009 830 0$aPatristica.$0(OLS)http://semarc/title/6204 996 $6245$aTutte le lettere$9(OLS)http://semarc/title/2789 996 $6260$aRoma :$bPaoline$9(OLS)http://semarc/publisher/29686 LEADER 01295nam a2200265 i 4500 001 000000038631 003 CaOOAMICUS 005 20070125000000.0 008 931231s1989 be u000 u mul u 013 $a9223 020 $a90-6831-227-8 040 $aSeMil$bita 245 10$aLate Greek Fathers, Latin Fathers after Nicea, Nachleben of the Fathers /$cedited by Elizabeth A. Livingstone. 300 $aIX, 313 p. 490 0 $aStudia patristica ;$v23 650 4$aPatristica - Studi.$0(OLS)http://semarc/subject/3628 700 1 $aLivingstone, Elizabeth Anne.$0(OLS)http://semarc/name/7854 700 1 $aInternational Conference on Patristic Studies <10. ; 1987 ; Oxford>.$0(OLS)http://semarc/name/7857 773 0 $tPapers presented to the Tenth International Conference on Patristic Studies held in Oxford 1987.$dLeuven : Peeters, 1989.$kStudia patristica $w()17139 830 0$aStudia patristica ;$v23.$0(OLS)http://semarc/title/22570 850 $aSeMil 852 $aSeMil$W1$xVenegono$y1$m2UA D 23$j228465$B4786$CSeMilBibl$Z2$F4786 $81 961 $aSottoscrizione: Peeters 996 $6020$a90-6831-227-8$9(OLS)http://semarc/number/7973 996 $6245$aLate Greek Fathers, Latin Fathers after Nicea, Nachleben of the Fathers$9(OLS)http://semarc/title/54604 LEADER 01149nam a2200253 i 4500 001 000000118440 003 CaOOAMICUS 005 20030929000000.0 008 030929s2002 it u000 u ita u 013 $a91133 040 $aSeMil$bita 100 1 $aCarpani, Giuseppe <1752-1825>.$0(OLS)http://semarc/name/49443 245 13$aLe Haydine, ovvero lettere sulla vita e le opere del celebre maestro Giuseppe Haydn /$cdi Giuseppe Carpani. 250 $aRistampa [anastatica]. 260 $aLipomo (Co) :$bDomus graph,$c2002. 300 $aXII, 307 p. ;$c18 cm. 500 $aFac simile dell'ed. : In Padova : dalla tipografia della Minerva, 1822. - Dono del Card. Dionigi Tettamanzi. 600 14$aHaydn, Franz Joseph <1732-1809>.$0(OLS)http://semarc/subject/11235 850 $aSeMil 852 $aSeMil$W1$xVenegono$y1$m3Q I 14$j73744$B73744$CSeMilBibl$Z2$F86123 $81 941 1 $a5 961 $aOmaggio: Tettamanzi Card. Dionigi 996 $6245$aLe Haydine, ovvero lettere sulla vita e le opere del celebre maestro Giuseppe Haydn$9(OLS)http://semarc/title/173988 996 $6260$aLipomo (Co) :$bDomus graph$9(OLS)http://semarc/publisher/45804